000 00817nac a22002537a 4500
001 BR8305826
003 BR-BrBNA
005 20240105115902.0
008 230509b bl.|||m| |||| 00| 0 por d
040 _aBR-BrBNA
_bpor
_cBiblioteca Nacional de Agricultura
072 _aP40
090 _aP40 BR8305826
100 1 _aMota, F.S. da
110 1 _aUniversidade Federal de Pelotas, RS (Brasil). Estacao Agroclimatologica
_910883
245 1 _aNormais e serias climatologicas
260 3 _aPelotas, RS (Brasil):
_c1983.
300 _a45 p.
490 _aBoletim Tecnico - Universidade Federal de Pelotas. Estacao Agroclimatologica (Brazil)
_vno. 6
_x
500 _a8 graphs; 33 tables
650 _aMETEOROLOGIA
650 _aCHUVA
909 _a202312
_bLúcia Elande
_c55
_dLúcia Elande
942 _2AGRIS
_n0
_cMS
999 _c276898
_d276898